000
00268nam a22001217a 4500
008
170222b xxu||||| |||| 00| 0 eng d
041
_a
eng
080
_2
3 ED
_a
617
100
_a
5
101
_a
SHK
245
_a
ATLAS OF PELVIC SURGERY
_c
WHEELESS.C.R
942
_2
udc
_c
BK
999
_c
6122
_d
6122